Consenso del Comité de Alto Nivel sobre el Régimen de Intercambio Internacional y la Unión Aduanera
Guardado en:
| Format: | Texto |
|---|---|
| Tags: |
Tilføj Tag
Ingen Tags, Vær først til at tagge denne postø!
|
MARC
| LEADER | 00000 a a2200000 04500 | ||
|---|---|---|---|
| 001 | 16094 | ||
| 003 | |||
| 040 | |||
| 245 | |a Consenso del Comité de Alto Nivel sobre el Régimen de Intercambio Internacional y la Unión Aduanera | ||
| 773 | |g número 15; páginas 73-77 | ||
| 999 | |c 32306 |d 32306 | ||
